History Quiz

Random History or Decade Quiz

Political Photos from the 1960s Quiz Stats

 Plays Quiz Updated May 31, 2018

Score 0/15 Timer 06:00
13 Plays Today
% Correct
United States 1963 - The assassination of John F. Kennedy
98.3%
UK 1965 - The funeral of Winston Churchill passes Trafalgar Square
93.4%
USSR 1960 - Nikita Khrushchev inspects wreckage of shot down U-2 spy plane
89.5%
West & East Germany 1961 - Conrad Schumann defects across Berlin wall
84.9%
China 1966 - Red Guard students march during the Cultural Revolution
75.4%
Israel 1967 - Six-Day War in which Israel seizes control of Jerusalem from Jordan
61.8%
Czechoslovakia 1968 - The Soviet occupation of Czechoslovakia
59%
Mexico 1968 - US athletes give the black power salute at the Olympics
58.1%
% Correct
Kenya 1963 - Independence from the United Kingdom
44.2%
Canada 1960 - The Quiet Revolution in Quebec
42%
France 1968 - Thousands take to the streets during 'May 68' demonstrations
42%
Bolivia 1967 - Che Guevara poses with guerrilla fighters shortly before his death
40.4%
Cuba 1961 - Counter-revolutionaries surrender during Bay of Pigs invasion
32.4%
Libya 1969 - Muammar Gaddafi takes power after the coup d'├ętat
30.8%
Sweden 1960 - Signing of the European Free Trade Association
13.1%

You're not logged in!

Compare scores with friends on all Sporcle quizzes.
OR
Log In

You Might Also Like...

Show Comments

Extras

Top Quizzes Today


Score Distribution

Your Account Isn't Verified!

In order to create a playlist on Sporcle, you need to verify the email address you used during registration. Go to your Sporcle Settings to finish the process.

Report this User

Report this user for behavior that violates our Community Guidelines.

Details: